| 000 | 00893nam a22002057a 4500 | ||
|---|---|---|---|
| 008 | 100805s1999uar||||r000 000 0dara d | ||
| 020 | _a9770162221 | ||
| 082 |
_a614.71 _bأ ر ن |
||
| 100 |
_917115 _aأرناؤوط ، محمد السيد |
||
| 245 |
_aالإنسان وتلوث البيئة / _cمحمد السيد أرناؤوط |
||
| 260 |
_aالقاهرة _bالدار المصرية اللبنانية، 1999 _c1999 |
||
| 300 |
_a412ص: _bايض؛ _c22 سم |
||
| 490 |
_917404 _aسلسلة البيئة |
||
| 504 | _6ببليوجرافية: ص407-412 | ||
| 541 |
_a؛ألف باء _c؛شراء |
||
| 650 |
_915265 _aتلوث البيئة |
||
| 650 |
_917116 _aالبيئة والإنسان |
||
| 942 |
_2ddc _cBB |
||
| 999 |
_c14620 _d14620 |
||